Ôlivơ Tuýt
שמור ב:
| מחבר ראשי: | |
|---|---|
| פורמט: | ספר |
| תגים: |
הוספת תג
אין תגיות, היה/י הראשונ/ה לתייג את הרשומה!
|
| Thư viện lưu trữ: | Mạng thư viện Đại học Đà Nẵng |
|---|
| LEADER | 00772nam a2200241 4500 | ||
|---|---|---|---|
| 001 | 000004642 | ||
| 003 | 782 | ||
| 005 | 20150812140819.0 | ||
| 008 | 110802s sd | ||
| 041 | 0 | |a 10000đ | |
| 082 | 1 | |a DIC | |
| 100 | 0 | |a Đickenx, Saclơ | |
| 245 | 0 | 0 | |a Ôlivơ Tuýt |c Đickenx, Saclơ |
| 774 | |a Đickenx, Saclơ |d Văn học |d H. |d 1986 |g T. 2 |h 301 tr. |n Dịch từ nguyên bản tiếng Anh: Oliver Twist |w 783 | ||
| 774 | |a Đickenx, Saclơ |d Văn học |d H. |d 1986 |g T. 1 |h 310 tr. |n Dịch từ nguyên bản tiếng Anh: Oliver Twist |w 797 | ||
| OWN | |a LSP | ||
| 999 | |a From the UDN01 | ||
| TYP | |a Monograph | ||
| TYP | |a Printed language | ||
| 980 | |a Mạng thư viện Đại học Đà Nẵng | ||